Monde tortionnaire: rapport 2010 (Record no. 3184)
[ view plain ]
| 000 -LEADER | |
|---|---|
| fixed length control field | 01191cam a2200301Mi 4500 |
| 001 - CONTROL NUMBER | |
| control field | ocn758332297 |
| 003 - CONTROL NUMBER IDENTIFIER | |
| control field | TZ-ArACH |
| 005 - DATE AND TIME OF LATEST TRANSACTION | |
| control field | 20150821105653.0 |
| 008 - FIXED-LENGTH DATA ELEMENTS--GENERAL INFORMATION | |
| fixed length control field | 110210s2010 fr f 000 0 fre d |
| 020 ## - INTERNATIONAL STANDARD BOOK NUMBER | |
| International Standard Book Number | 9782953805109 (Br) |
| 020 ## - INTERNATIONAL STANDARD BOOK NUMBER | |
| International Standard Book Number | 2953805109 (Br) |
| 035 ## - SYSTEM CONTROL NUMBER | |
| System control number | (OCoLC)758332297 |
| 040 ## - CATALOGING SOURCE | |
| Original cataloging agency | ZWZ |
| Description conventions | ncafnor |
| Language of cataloging | fre |
| Transcribing agency | TZ-ArACH |
| 041 ## - LANGUAGE CODE | |
| Language code of text/sound track or separate title | Fre |
| 049 ## - LOCAL HOLDINGS (OCLC) | |
| Holding library | TZAA |
| 050 ## - LIBRARY OF CONGRESS CALL NUMBER | |
| Classification number | HV8593 |
| Item number | .A26 |
| 110 2# - MAIN ENTRY--CORPORATE NAME | |
| Corporate name or jurisdiction name as entry element | Action des chrétiens pour l'abolition de la torture-ACAT (France). |
| Relator term | Auteur. |
| 9 (RLIN) | 17460 |
| 245 13 - TITLE STATEMENT | |
| Title | Monde tortionnaire: rapport 2010 |
| Medium | [Texte imprimé] : |
| Remainder of title | rapport 2010 / |
| Statement of responsibility, etc | ACAT-France. |
| 260 ## - PUBLICATION, DISTRIBUTION, ETC. (IMPRINT) | |
| Place of publication, distribution, etc | Paris (7 rue Georges-Lardennois, 75019) : |
| Name of publisher, distributor, etc | ACAT France, |
| Date of publication, distribution, etc | 2010 |
| Place of manufacture | (Condé-sur-Noireau : |
| Manufacturer | Impr. Corlet) |
| 300 ## - PHYSICAL DESCRIPTION | |
| Extent | 1 vol. (372 p.) ; |
| Dimensions | 24 cm. |
| 500 ## - GENERAL NOTE | |
| General note | Rapport annuel de l'ACAT. |
| 650 #7 - SUBJECT ADDED ENTRY--TOPICAL TERM | |
| Topical term or geographic name as entry element | Droits de l'homme. |
| Source of heading or term | ram |
| 9 (RLIN) | 17461 |
| 650 #7 - SUBJECT ADDED ENTRY--TOPICAL TERM | |
| Topical term or geographic name as entry element | Victimes de torture. |
| Source of heading or term | ram |
| 9 (RLIN) | 17462 |
| 650 #7 - SUBJECT ADDED ENTRY--TOPICAL TERM | |
| Topical term or geographic name as entry element | Droits de l'homme (droit international). |
| Source of heading or term | ram |
| 9 (RLIN) | 17463 |
| 650 #7 - SUBJECT ADDED ENTRY--TOPICAL TERM | |
| Topical term or geographic name as entry element | Torture (droit international). |
| Source of heading or term | ram |
| 9 (RLIN) | 17464 |
| 942 ## - ADDED ENTRY ELEMENTS (KOHA) | |
| Source of classification or shelving scheme | Library of Congress Classification |
| Koha item type | Books |
| Home library | Current library | Shelving location | Date acquired | Full call number | Barcode | Koha item type |
|---|---|---|---|---|---|---|
| African Court on Human and Peoples' Rights Library | African Court on Human and Peoples' Rights Library | 21/08/2015 | HV8593 .A26 | 10230602 | Books |
